000 00432nam a2200169Ia 4500
008 090124s9999 xx 000 0 und d
082 _b32621
100 _aदेसाई शि.स.
245 _a दीपमाळ
250 _a1
260 _c2004
600 _aदेसाई शि.स.
630 _a दीपमाळ
700 _aदेसाई शि.स.
730 _a दीपमाळ
942 _cBOOK
999 _c178715
_d178715